| 000 | 01817cam a22004694i 4500 | ||
|---|---|---|---|
| 003 | PE-LiUPU | ||
| 005 | 20250731173205.0 | ||
| 008 | 150625s1966 miu r 000 0 spa d | ||
| 035 | _a(Sirsi) a31048 | ||
| 040 |
_aPE-LiUPU _bspa _cPE-LiUPU _erda |
||
| 082 | 0 | 4 |
_a220.428 _bK561966 _221 |
| 130 | 1 |
_aBiblia. _lInglés _sAutorizada. _f1945. |
|
| 212 | _aBiblia: King James | ||
| 242 | 0 | 3 | _aLa santa biblia, conteniendo el antiguo y nuevo Testamento de la versión autorizada King James |
| 245 | 0 | 4 |
_aThe Holy Bible, _pContaining the Old and New Testament Autorized King James Version / _cManford G. Gutzke Editor Jefe, Roy A. Helton Asistente editor. |
| 264 | 1 |
_aGran Rapids, Michigan : _bZordervan publishing House, _c1966. |
|
| 300 |
_a1194 páginas ; _c22.5 centímetros |
||
| 336 |
_atext _2rdacontent |
||
| 337 |
_aunmediated _2rdamedia |
||
| 338 |
_avolume _2rdacarrier |
||
| 505 | 0 | _aNew enciclopedic reference edition. Desde Genesis hasta el apocalipsis. | |
| 526 | _aSEG42 | ||
| 526 | _aSEG41 | ||
| 526 | _aSEG40 | ||
| 526 | _aSEG39 | ||
| 526 | _aP94 | ||
| 526 | _aP87 | ||
| 526 | _aP86 | ||
| 526 | _aP85 | ||
| 526 | _aP77 | ||
| 526 | _aP76 | ||
| 526 | _aP35 | ||
| 630 |
_aBiblia. _lInglés _sAutorizada. _f1945. |
||
| 700 | 1 |
_aGutzke, Mandford G., _eeditor. |
|
| 700 | 1 |
_aHelton, Roy A., _eeditor. |
|
| 910 | _a | ||
| 942 |
_2ddc _cBOOK |
||
| 949 |
_a220.428 K56 1966 _wDEWEY _c1 _i36763 _lCCODEBUL1 _mBUL _p20.00 _r0 _sY _tBOOK _u2015-06-25 _xBIBLIOTECA _zUNKNOWN _0COMPRA _o.STAFF. Colección Teología |
||
| 596 | _a1 | ||
| 999 |
_a220.428 K56 1966 _wDEWEY _c38559 _i36763 _d38559 _e2019-8-19 _f2021-11-9 _g6 _lCCODEBUL1 _mBUL _n4 _p20.00 _q7 _r0 _sY _tBOOK _u2015-6-25 _xTEOLOGIA _PP35 _0COMPRA _o.STAFF. Colección Teología |
||
| 980 |
_81 _gALBERTO SANCHEZ Responsable de Automatización |
||